| 000 | 00921cad a22002055a 4500 | ||
|---|---|---|---|
| 001 | E154015 | ||
| 008 | 111004e20111001xxk 000 0 eng u | ||
| 035 | _a(Sirsi) u154015 | ||
| 041 | 0 | _aeng | |
| 110 | 2 |
_aBank of Scotland _95792 |
|
| 245 | 0 | 0 |
_aInverness is the UK's top performing city _h[electronic resource] |
| 260 | _c2011 | ||
| 490 |
_aBank of Scotland Press Release _v1 October 2011 |
||
| 520 | _aOver the last 10 years, house prices in Inverness have risen by more than any other UK city, with the average house price rising by 148%, from £68 141 in 2001 to £169 257 in 2011. | ||
| 590 | _aKA | ||
| 651 | 4 |
_aScotland _y1999- |
|
| 690 | _aPROPERTY-RESIDENTIAL PROPERTY-DOMESTIC RESIDENTIAL PROPERTY-HOUSING | ||
| 856 | 4 | 0 |
_uhttps://www.lloydsbankinggroup.com/media/pdfs/bos/2011/011011Inverness_UKs_top_performing_city.pdf _zView the news release free of charge at www.lloydsbankinggroup.com... |
| 942 | _n0 | ||
| 999 |
_c83452 _d83452 |
||